[Event "Titled Tuesday intern op 03rd Jan Early"]
[Site "Chess.com INT"]
[Date "2023.01.03"]
[Round "1"]
[White "Mingachev, Mansur"]
[Black "Prudnykova, Olga"]
[Result "1-0"]
[WhiteElo "2356"]
[BlackElo "2268"]
[PlyCount "57"]
[EventDate "2023.01.03"]
[EventType "swiss (blitz)"]
[EventRounds "11"]
[EventCountry "USA"]
[SourceTitle "EXT 2024"]
[Source "ChessBase"]
[SourceDate "2023.10.10"]
[SourceVersion "1"]
[SourceVersionDate "2023.10.10"]
[SourceQuality "1"]

1. d4 Nf6 2. Bg5 c5 3. Bxf6 gxf6 4. d5 Qb6 5. Qc1 f5 6. c4 Bg7 7. Nc3 d6 8. e3 Nd7 9. Nge2 Ne5 10. Ng3 e6 11. Be2 Qb4 12. 0-0 Nxc4 13. Rb1 Ne5 14. Nb5 0-0 15. Nxd6 Bd7 16. dxe6 fxe6 17. a3 Qa4 18. Rd1 b6 19. b3 Qh4 20. f4 Ng4 21. Bxg4 Qxg4 22. Ndxf5 exf5 23. Rxd7 Rfe8 24. Qd2 h5 25. Qd5+ Kh8 26. Nxf5 Rg8 27. Nxg7 Rxg7 28. Rxg7 Kxg7 29. Qxa8 1-0

[Event "Titled Tuesday intern op 08th Nov Early"]
[Site "Chess.com INT"]
[Date "2022.11.08"]
[Round "3"]
[White "Gholami Orimi, Mahdi"]
[Black "Mingachev, Mansur"]
[Result "1-0"]
[WhiteElo "2419"]
[BlackElo "2356"]
[PlyCount "95"]
[EventDate "2022.11.08"]
[EventType "swiss (blitz)"]
[EventRounds "11"]
[EventCountry "USA"]
[SourceTitle "EXT 2024"]
[Source "ChessBase"]
[SourceDate "2023.10.10"]
[SourceVersion "1"]
[SourceVersionDate "2023.10.10"]
[SourceQuality "1"]

1. d4 d5 2. Nf3 e6 3. Bf4 f5 4. e3 Nf6 5. Bd3 Bd6 6. Nc3 0-0 7. 0-0 c6 8. Ne2 Ne4 9. h3 b6 10. c3 Ba6 11. a4 Bxd3 12. Qxd3 Qe7 13. a5 Nd7 14. Qa6 Bxf4 15. Nxf4 g5 16. Nd3 g4 17. Nfe5 gxh3 18. gxh3 Nxe5 19. dxe5 Kh8 20. Kh2 Rg8 21. Nf4 Nd2 22. axb6 axb6 23. Qe2 Nxf1+ 24. Rxf1 Qg7 25. Qh5 Qxe5 26. Qf7 Rae8 27. Ra1 Qg7 28. Qxg7+ Rxg7 29. Nd3 e5 30. Nb4 Rc7 31. Ra6 Rb8 32. Kg3 Kg7 33. Kh4 Kf6 34. Ra1 Ke6 35. Rg1 c5 36. Nd3 c4 37. Nb4 Rd7 38. Re1 Rg8 39. f4 e4 40. Nc2 Rd6 41. Nd4+ Kf6 42. Ra1 Kf7 43. Ra7+ Ke8 44. Kh5 Rd8 45. Nxf5 Kf8 46. Rxh7 Rc8 47. Nd4 Rc7 48. Ne6+ 1-0

[Event "Titled Tuesday intern op 25th Oct Early"]
[Site "Chess.com INT"]
[Date "2022.10.25"]
[Round "1"]
[White "Jimenez Fernandez, Rebeca"]
[Black "Mingachev, Mansur"]
[Result "0-1"]
[WhiteElo "2025"]
[BlackElo "2363"]
[PlyCount "92"]
[EventDate "2022.10.25"]
[EventType "swiss (blitz)"]
[EventRounds "11"]
[EventCountry "USA"]
[SourceTitle "EXT 2024"]
[Source "ChessBase"]
[SourceDate "2023.10.10"]
[SourceVersion "1"]
[SourceVersionDate "2023.10.10"]
[SourceQuality "1"]

1. e4 d5 2. exd5 Qxd5 3. Nc3 Qe5+ 4. Be2 Bg4 5. d4 Bxe2 6. Ngxe2 Qa5 7. 0-0 Nf6 8. Bf4 Nc6 9. d5 0-0-0 10. Nd4 Nxd4 11. Qxd4 Nxd5 12. Nxd5 Rxd5 13. Qc4 Qc5 14. Qa4 Rd8 15. Be3 Qc6 16. Qxa7 Qa6 17. Qc5 e6 18. Qc3 f6 19. b4 Bd6 20. a4 Be5 21. Qc5 Bxa1 22. Rxa1 Qd6 23. Qh5 Qe5 24. Qxe5 fxe5 25. Re1 Rd5 26. Bc1 Rhd8 27. Bb2 Rd2 28. Bxe5 Rxc2 29. Bxg7 Rc4 30. h3 Rxb4 31. Rxe6 Rxa4 32. Re7 b5 33. Be5 Rc4 34. Rxh7 b4 35. g4 b3 36. g5 Re8 37. Bf6 Rf4 38. Bb2 Re2 39. Bc3 Rfxf2 40. h4 Rg2+ 41. Kf1 Ref2+ 42. Ke1 Rc2 43. Bd2 b2 44. Rh8+ Kb7 45. Kf1 Rgxd2 46. g6 b1Q# 0-1

[Event "Titled Tuesday intern op 11th Oct Late"]
[Site "Chess.com INT"]
[Date "2022.10.11"]
[Round "5"]
[White "Mingachev, Mansur"]
[Black "Gokerkan, Cem Kaan"]
[Result "0-1"]
[WhiteElo "2363"]
[BlackElo "2465"]
[PlyCount "76"]
[EventDate "2022.10.11"]
[EventType "swiss (blitz)"]
[EventRounds "11"]
[EventCountry "USA"]
[SourceTitle "EXT 2024"]
[Source "ChessBase"]
[SourceDate "2023.10.10"]
[SourceVersion "1"]
[SourceVersionDate "2023.10.10"]
[SourceQuality "1"]

1. d4 Nf6 2. Bg5 d5 3. Bxf6 exf6 4. e3 Bd6 5. c4 c6 6. Nc3 Be6 7. cxd5 cxd5 8. Qb3 Qd7 9. Bd3 Nc6 10. Nge2 0-0 11. 0-0 f5 12. Rac1 f4 13. exf4 Rfe8 14. Na4 Bg4 15. f3 Bf5 16. Nc5 Bxc5 17. dxc5 Bxd3 18. Qxd3 Nb4 19. Qd2 Nxa2 20. Ra1 Nb4 21. Nd4 a5 22. Rfd1 Rec8 23. Rac1 h6 24. h3 Qe7 25. Re1 Qf6 26. Nb5 Rd8 27. Nd6 b6 28. Nb7 Rd7 29. Nd6 bxc5 30. Nb5 d4 31. Rxc5 Qb6 32. Rec1 d3 33. Kh2 Nc2 34. R1xc2 dxc2 35. Qxc2 Rad8 36. Na3 Rd2 37. Qc3 Qg6 38. Re5 Qxg2# 0-1

[Event "Titled Tuesday intern op 11th Oct Late"]
[Site "Chess.com INT"]
[Date "2022.10.11"]
[Round "6"]
[White "Mingachev, Mansur"]
[Black "Shohat, Yotam"]
[Result "1-0"]
[WhiteElo "2363"]
[BlackElo "2299"]
[PlyCount "87"]
[EventDate "2022.10.11"]
[EventType "swiss (blitz)"]
[EventRounds "11"]
[EventCountry "USA"]
[SourceTitle "EXT 2024"]
[Source "ChessBase"]
[SourceDate "2023.10.10"]
[SourceVersion "1"]
[SourceVersionDate "2023.10.10"]
[SourceQuality "1"]

1. d4 Nf6 2. Bg5 d5 3. Bxf6 gxf6 4. e3 c5 5. dxc5 e6 6. b4 a5 7. c3 b6 8. Bb5+ Bd7 9. Qa4 bxc5 10. bxc5 Bxc5 11. Nd2 Bxb5 12. Qxb5+ Nd7 13. Ngf3 Qb6 14. Qa4 Ke7 15. 0-0 Bd6 16. Rab1 Qc7 17. c4 Nc5 18. Qc2 Na6 19. Rfc1 Ba3 20. Rd1 Bb4 21. Qd3 Nc5 22. Qd4 e5 23. Qh4 Rad8 24. cxd5 Rxd5 25. Nc4 Rhd8 26. Rxd5 Rxd5 27. e4 Nxe4 28. Qxe4 Rc5 29. Ne3 Rc1+ 30. Rxc1 Qxc1+ 31. Nf1 Bc5 32. Qe2 a4 33. g3 a3 34. Kg2 Qb2 35. Qxb2 axb2 36. N1d2 Bb4 37. Nb1 e4 38. Nd4 Kd6 39. Nc2 Bc5 40. Kf1 Kd5 41. Ke2 Kc4 42. Ne3+ Kb4 43. Kd2 f5 44. Kc2 1-0

[Event "Titled Tuesday intern op 11th Oct Early"]
[Site "Chess.com INT"]
[Date "2022.10.11"]
[Round "1"]
[White "Mingachev, Mansur"]
[Black "Zaloznyy, Mike"]
[Result "1-0"]
[WhiteElo "2363"]
[BlackElo "2226"]
[PlyCount "53"]
[EventDate "2022.10.11"]
[EventType "swiss (blitz)"]
[EventRounds "11"]
[EventCountry "USA"]
[SourceTitle "EXT 2024"]
[Source "ChessBase"]
[SourceDate "2023.10.10"]
[SourceVersion "1"]
[SourceVersionDate "2023.10.10"]
[SourceQuality "1"]

1. d4 Nf6 2. Bg5 c5 3. Bxf6 gxf6 4. d5 Qb6 5. Qc1 Bh6 6. e3 d6 7. c4 Bf5 8. Nc3 Nd7 9. Nge2 0-0 10. g4 Bg6 11. f4 f5 12. gxf5 Bxf5 13. Ng3 Bg4 14. Rg1 Kh8 15. h3 Bf3 16. Kf2 e5 17. Kxf3 exf4 18. exf4 Rae8 19. Nce4 f5 20. Nxf5 Rxe4 21. Kxe4 Rxf5 22. Kxf5 Bg7 23. Rxg7 Kxg7 24. Qc3+ Kf7 25. Be2 Qd8 26. Bh5+ Ke7 27. Qg7# 1-0

[Event "Titled Tuesday intern op 11th Oct Early"]
[Site "Chess.com INT"]
[Date "2022.10.11"]
[Round "4"]
[White "Saucey, Michel"]
[Black "Mingachev, Mansur"]
[Result "1-0"]
[WhiteElo "2249"]
[BlackElo "2363"]
[PlyCount "54"]
[EventDate "2022.10.11"]
[EventType "swiss (blitz)"]
[EventRounds "11"]
[EventCountry "USA"]
[SourceTitle "EXT 2024"]
[Source "ChessBase"]
[SourceDate "2023.10.10"]
[SourceVersion "1"]
[SourceVersionDate "2023.10.10"]
[SourceQuality "1"]

1. d4 f5 2. g3 e6 3. Bg2 c6 4. Nf3 d5 5. 0-0 Nf6 6. c4 Bd6 7. b3 Qe7 8. a4 0-0 9. Ba3 b6 10. Bxd6 Qxd6 11. Nbd2 a5 12. e3 Na6 13. Qe2 Nb4 14. Rfc1 Ba6 15. Ne5 Rac8 16. Nd3 Ne4 17. Nxe4 fxe4 18. Nxb4 Qxb4 19. Bh3 Rf6 20. Qd1 Rcf8 21. cxd5 Rxf2 22. dxe6 Qd6 23. Qg4 Be2 24. Qxe4 Bf3 25. Qe5 Qb4 26. e7 Re8 27. Kxf2 Qxa4 1-0

[Event "Titled Tuesday intern op 27th Sep Early"]
[Site "Chess.com INT"]
[Date "2022.09.27"]
[Round "9"]
[White "Estrada Nieto, Julian"]
[Black "Mingachev, Mansur"]
[Result "1-0"]
[WhiteElo "2260"]
[BlackElo "2363"]
[PlyCount "127"]
[EventDate "2022.09.27"]
[EventType "swiss (blitz)"]
[EventRounds "11"]
[EventCountry "USA"]
[SourceTitle "CBM 210 Extra"]
[Source "ChessBase"]
[SourceDate "2022.11.30"]
[SourceVersion "1"]
[SourceVersionDate "2022.11.30"]
[SourceQuality "1"]

1. e4 d5 2. exd5 Qxd5 3. Nc3 Qe5+ 4. Be2 Bg4 5. d4 Bxe2 6. Ngxe2 Qa5 7. 0-0 Nf6 8. Bd2 e6 9. Ne4 Qb6 10. Nxf6+ gxf6 11. c4 Nd7 12. Be3 0-0-0 13. Nc3 Rg8 14. Qf3 Qc6 15. Qxc6 bxc6 16. d5 cxd5 17. cxd5 Nb6 18. Bxb6 axb6 19. Rfd1 Bc5 20. Kf1 Kb7 21. g3 e5 22. Ne4 Bd4 23. Nxf6 Rg6 24. Ne4 Bxb2 25. Rab1 Bd4 26. Rb5 f5 27. Nd2 Rgd6 28. Nb3 Rxd5 29. Rxd5 Rxd5 30. f4 Rd6 31. Ke2 c5 32. fxe5 Bxe5 33. Rf1 Rf6 34. Nd2 Kc6 35. Nc4 Bc7 36. Kf3 f4 37. g4 b5 38. Nd2 Rd6 39. Ne4 Rd3+ 40. Kg2 Ra3 41. g5 Rxa2+ 42. Kh3 Re2 43. Nf6 c4 44. Nxh7 Kd5 45. g6 Ke6 46. Ng5+ Kf6 47. Rg1 Kxg6 48. Ne6+ Kf5 49. Nxc7 Re7 50. Nxb5 Rb7 51. Nd4+ Ke4 52. Rd1 Rh7+ 53. Kg2 Rg7+ 54. Kf2 Rd7 55. Re1+ Kxd4 56. Rd1+ Kc3 57. Rxd7 Kb2 58. Rf7 c3 59. Rxf4 c2 60. Rc4 c1Q 61. Rxc1 Kxc1 62. h4 Kd2 63. h5 Kd3 64. h6 1-0

[Event "Titled Tuesday intern op 27th Sep Early"]
[Site "Chess.com INT"]
[Date "2022.09.27"]
[Round "6"]
[White "Ljukin, Sergei"]
[Black "Mingachev, Mansur"]
[Result "0-1"]
[WhiteElo "2362"]
[BlackElo "2363"]
[PlyCount "80"]
[EventDate "2022.09.27"]
[EventType "swiss (blitz)"]
[EventRounds "11"]
[EventCountry "USA"]
[SourceTitle "CBM 210 Extra"]
[Source "ChessBase"]
[SourceDate "2022.11.30"]
[SourceVersion "1"]
[SourceVersionDate "2022.11.30"]
[SourceQuality "1"]

1. e4 e5 2. Nf3 Nc6 3. Bb5 Nge7 4. d4 a6 5. Ba4 exd4 6. Nxd4 g6 7. Nxc6 dxc6 8. Qf3 Bg7 9. 0-0 0-0 10. Rd1 Qe8 11. Bf4 Bxb2 12. Bxc7 Bxa1 13. Rd8 Qxd8 14. Bxd8 Rxd8 15. c3 Be6 16. h4 h5 17. Na3 c5 18. Bb3 Bxb3 19. axb3 Bb2 20. Nc4 Bc1 21. Qf6 Nc6 22. Nd6 Rd7 23. e5 Rf8 24. Ne4 Nd8 25. f4 Ne6 26. f5 Rd1+ 27. Kh2 Rf1 28. Qe7 Rxf5 29. Nf6+ Kg7 30. Qxb7 Bf4+ 31. g3 Bxe5 32. Nd7 Rd8 33. Qc6 c4 34. bxc4 Rf2+ 35. Kg1 Rf5 36. c5 Bxc3 37. Qb7 Nxc5 38. Nxc5 Rxc5 39. Qb6 Bd4+ 40. Kg2 Rc2+ 0-1

[Event "Titled Tuesday intern op 27th Sep Early"]
[Site "Chess.com INT"]
[Date "2022.09.27"]
[Round "8"]
[White "Mingachev, Mansur"]
[Black "Ismayil, Malak"]
[Result "1/2-1/2"]
[WhiteElo "2363"]
[BlackElo "1941"]
[PlyCount "148"]
[EventDate "2022.09.27"]
[EventType "swiss (blitz)"]
[EventRounds "11"]
[EventCountry "USA"]
[SourceTitle "CBM 210 Extra"]
[Source "ChessBase"]
[SourceDate "2022.11.30"]
[SourceVersion "1"]
[SourceVersionDate "2022.11.30"]
[SourceQuality "1"]

1. d4 Nf6 2. Bg5 g6 3. Bxf6 exf6 4. e3 Bg7 5. c4 0-0 6. Nc3 d6 7. Qb3 Nc6 8. h4 h5 9. 0-0-0 f5 10. Nge2 a6 11. Nf4 Kh8 12. Kb1 Ne7 13. Be2 c6 14. Bf3 Ng8 15. g3 Nf6 16. Ka1 Qc7 17. Rc1 Bd7 18. Rhd1 Rab8 19. c5 d5 20. Na4 Be6 21. Nb6 Qe7 22. Bg2 Ne4 23. Qc2 Rbe8 24. f3 Nf6 25. Re1 Bc8 26. Re2 Qc7 27. Rce1 Re7 28. Na4 Rfe8 29. Nc3 Nh7 30. e4 Bxd4 31. exd5 Bxc5 32. Ne4 fxe4 33. Qxc5 b6 34. Qd4+ Qe5 35. Qxe4 Qxe4 36. fxe4 cxd5 37. Nxd5 Re6 38. Rc2 Bb7 39. Rec1 Bxd5 40. exd5 Rd6 41. Rc6 Red8 42. Rf1 Kg7 43. b4 Nf6 44. Rc7 R8d7 45. Rc4 Nxd5 46. Bxd5 Rxd5 47. Rcf4 f5 48. Kb2 Rd2+ 49. Kb1 R2d3 50. R1f3 Rxf3 51. Rxf3 Rd4 52. Kb2 Kf6 53. a3 Ke5 54. Kc3 Re4 55. Rd3 Ke6 56. Rd8 Re3+ 57. Kc4 Rxa3 58. Rb8 b5+ 59. Kd4 Rxg3 60. Rb6+ Kf7 61. Rxa6 Rg4+ 62. Ke5 Re4+ 63. Kd5 Rxb4 64. Ra7+ Kf6 65. Ra6+ Kg7 66. Kc5 Rxh4 67. Kd5 Kh6 68. Ke5 Rg4 69. Kf6 h4 70. Ra8 Kh7 71. Ra7+ Kh6 72. Ra8 Kh7 73. Ra7+ Kg8 74. Ra8+ Kh7 1/2-1/2

[Event "Titled Tuesday intern op 20th Sep Early"]
[Site "Chess.com INT"]
[Date "2022.09.20"]
[Round "6"]
[White "Mingachev, Mansur"]
[Black "Fernandez Siles, Luis"]
[Result "1-0"]
[WhiteElo "2363"]
[BlackElo "2220"]
[PlyCount "63"]
[EventDate "2022.09.20"]
[EventType "swiss (blitz)"]
[EventRounds "11"]
[EventCountry "USA"]
[SourceTitle "EXT 2023"]
[Source "ChessBase"]
[SourceDate "2022.10.05"]
[SourceVersion "1"]
[SourceVersionDate "2022.10.05"]
[SourceQuality "1"]

1. b4 d5 2. Bb2 Qd6 3. a3 e5 4. e3 Nf6 5. c4 c6 6. Nf3 Nbd7 7. Qc2 Be7 8. Be2 0-0 9. Nc3 a6 10. g4 e4 11. Nd4 Ne5 12. g5 Ne8 13. c5 Qg6 14. h4 Nd3+ 15. Bxd3 exd3 16. Qb3 f6 17. 0-0-0 fxg5 18. Rdg1 Rxf2 19. h5 Qf7 20. Nd1 Rf6 21. Rxg5 Rf1 22. Rgg1 Rxg1 23. Rxg1 Bf5 24. Nf2 Qxh5 25. Nxd3 Bf6 26. Nf4 Qh2 27. Qd1 Be4 28. Nh5 Bg6 29. Nxf6+ Nxf6 30. Ne6 Qh5 31. Qf1 Re8 32. Nxg7 1-0

[Event "Titled Tuesday intern op 20th Sep Early"]
[Site "Chess.com INT"]
[Date "2022.09.20"]
[Round "5"]
[White "Mingachev, Mansur"]
[Black "Rottenwohrer Suarez, Juan"]
[Result "0-1"]
[WhiteElo "2363"]
[BlackElo "2295"]
[PlyCount "132"]
[EventDate "2022.09.20"]
[EventType "swiss (blitz)"]
[EventRounds "11"]
[EventCountry "USA"]
[SourceTitle "EXT 2023"]
[Source "ChessBase"]
[SourceDate "2022.10.05"]
[SourceVersion "1"]
[SourceVersionDate "2022.10.05"]
[SourceQuality "1"]

1. d4 d5 2. e3 c5 3. c3 e6 4. f4 Nf6 5. Nf3 Nc6 6. Bd3 Qc7 7. Nbd2 Rb8 8. 0-0 b5 9. Ne5 Be7 10. g4 Nd7 11. g5 Ndxe5 12. fxe5 Bxg5 13. Nf3 Bh6 14. e4 Bxc1 15. Rxc1 h6 16. dxc5 Nxe5 17. exd5 Qxc5+ 18. Nd4 Nxd3 19. Qxd3 Qxd5 20. Qg3 Qg5 21. Qxg5 hxg5 22. Rce1 0-0 23. Re5 f6 24. Rxb5 Rxb5 25. Nxb5 Ba6 26. a4 Rd8 27. Rf2 Rd1+ 28. Kg2 Bb7+ 29. Kh3 f5 30. Rg2 Bxg2+ 31. Kxg2 Rd2+ 32. Kg3 Rxb2 33. Nc7 Kf7 34. c4 Rc2 35. Nb5 a6 36. Nd6+ Ke7 37. Nc8+ Kd7 38. Nb6+ Kc6 39. a5 Rc3+ 40. Kg2 g4 41. Nc8 Rxc4 42. Ne7+ Kd6 43. Ng6 f4 44. Nh4 e5 45. Nf5+ Kc5 46. Nxg7 Rc2+ 47. Kf1 Kd4 48. h4 Ke3 49. h5 Kf3 50. Ke1 g3 51. h6 Rh2 52. Ne6 Rxh6 53. Ng5+ Kg4 54. Ne4 Rh1+ 55. Ke2 Kf5 56. Nd6+ Ke6 57. Ne4 Rh2+ 58. Kf3 Kd5 59. Nf6+ Kc5 60. Nd7+ Kb5 61. Nxe5 Rf2+ 62. Kg4 g2 63. Nd3 g1Q+ 64. Kf5 Qb1 65. Ke4 Qxd3+ 66. Kxd3 Rb2 0-1

[Event "Titled Tuesday intern op 13th Sep Early"]
[Site "Chess.com INT"]
[Date "2022.09.13"]
[Round "4"]
[White "Bommini, Mounika Akshaya"]
[Black "Mingachev, Mansur"]
[Result "0-1"]
[WhiteElo "2152"]
[BlackElo "2363"]
[PlyCount "42"]
[EventDate "2022.09.13"]
[EventType "swiss (blitz)"]
[EventRounds "11"]
[EventCountry "USA"]
[SourceTitle "EXT 2023"]
[Source "ChessBase"]
[SourceDate "2022.10.05"]
[SourceVersion "1"]
[SourceVersionDate "2022.10.05"]
[SourceQuality "1"]

1. d4 Nf6 2. c4 e6 3. Nc3 d5 4. cxd5 exd5 5. Bg5 Be7 6. e3 h6 7. Bh4 Bf5 8. Qb3 0-0 9. Nf3 Nbd7 10. Nxd5 Nxd5 11. Qxd5 Be6 12. Qe4 Bb4+ 13. Nd2 Nc5 14. Qc2 Qxh4 15. dxc5 Rad8 16. Bd3 Rxd3 17. Qxd3 Rd8 18. Qxd8+ Qxd8 19. 0-0-0 Bxa2 20. Ne4 Qe7 21. Rd4 Bxc5 0-1

[Event "Titled Tuesday intern op 13th Sep Early"]
[Site "Chess.com INT"]
[Date "2022.09.13"]
[Round "7"]
[White "Ruge, Edison"]
[Black "Mingachev, Mansur"]
[Result "0-1"]
[WhiteElo "2201"]
[BlackElo "2363"]
[PlyCount "66"]
[EventDate "2022.09.13"]
[EventType "swiss (blitz)"]
[EventRounds "11"]
[EventCountry "USA"]
[SourceTitle "EXT 2023"]
[Source "ChessBase"]
[SourceDate "2022.10.05"]
[SourceVersion "1"]
[SourceVersionDate "2022.10.05"]
[SourceQuality "1"]

1. e4 d5 2. d3 dxe4 3. dxe4 Qxd1+ 4. Kxd1 e5 5. Be3 Be6 6. c3 Nd7 7. Nd2 Nb6 8. Kc2 0-0-0 9. f3 h5 10. b3 h4 11. Bxb6 axb6 12. Bc4 Rh6 13. Ne2 Rg6 14. g4 Be7 15. Bxe6+ Rxe6 16. Nc4 Bg5 17. Rad1 b5 18. Rxd8+ Kxd8 19. Rd1+ Kc8 20. Nb2 Ne7 21. Nd3 Ng6 22. Nc5 Rf6 23. Rd3 b6 24. Nd7 Re6 25. c4 bxc4 26. bxc4 Re7 27. Nxb6+ cxb6 28. Rb3 Ra7 29. a3 Nf4 30. Nc3 Ne6 31. Rxb6 Rxa3 32. Kb2 Bc1+ 33. Kb1 Rxc3 0-1

[Event "Titled Tuesday intern op 06th Sep Late"]
[Site "Chess.com INT"]
[Date "2022.09.06"]
[Round "7"]
[White "Korchmar, Vasiliy"]
[Black "Mingachev, Mansur"]
[Result "1/2-1/2"]
[WhiteElo "2438"]
[BlackElo "2363"]
[PlyCount "146"]
[EventDate "2022.09.06"]
[EventType "swiss (blitz)"]
[EventRounds "11"]
[EventCountry "USA"]
[SourceTitle "EXT 2023"]
[Source "ChessBase"]
[SourceDate "2022.10.05"]
[SourceVersion "1"]
[SourceVersionDate "2022.10.05"]
[SourceQuality "1"]

1. e4 d5 2. exd5 Qxd5 3. Nc3 Qa5 4. d4 Nf6 5. Nf3 Bf5 6. Bc4 e6 7. Bd2 c6 8. 0-0 Bb4 9. Ne5 Nbd7 10. g4 Bg6 11. f4 0-0-0 12. a3 Bxc3 13. Bxc3 Qc7 14. Qe1 Nxe5 15. dxe5 Nxg4 16. Ba5 Qd7 17. Bxd8 Qd4+ 18. Kg2 Qxc4 19. Bh4 Qxc2+ 20. Bf2 Rd8 21. h3 Nh6 22. Rd1 Rd5 23. Rxd5 exd5 24. Qb4 Be4+ 25. Kg1 c5 26. Qxc5+ Qxc5 27. Bxc5 b6 28. Bf8 Nf5 29. Rc1+ Kd7 30. Kf2 g6 31. Bd6 Nxd6 32. exd6 Kxd6 33. Ke3 h5 34. h4 Bg2 35. Kd4 Be4 36. Rc8 Bf5 37. Rd8+ Kc6 38. Rxd5 Be6 39. Rd8 a6 40. Ke5 Kc7 41. Rd6 Bb3 42. Rf6 a5 43. f5 gxf5 44. Rxf5 Bd1 45. Rxf7+ Kc6 46. Rf1 Bg4 47. Rf6+ Kc5 48. Kf4 b5 49. Rg6 Bd1 50. Rg1 Be2 51. Rg2 Bd1 52. Rd2 Bg4 53. Ke5 b4 54. Rc2+ Kb5 55. axb4 Kxb4 56. Rf2 a4 57. Rf4+ Kb3 58. Rf2 Bd1 59. Rh2 Bg4 60. Rf2 Bd1 61. Kd4 Bc2 62. Rf5 Kxb2 63. Rxh5 a3 64. Rb5+ Bb3 65. Ra5 a2 66. h5 a1Q 67. Rxa1 Kxa1 68. h6 Bc2 69. Ke5 Kb2 70. Kf6 Kc3 71. Kg7 Kd4 72. Kg8 Ke5 73. h7 Bxh7+ 1/2-1/2

[Event "Titled Tuesday intern op 06th Sep Late"]
[Site "Chess.com INT"]
[Date "2022.09.06"]
[Round "4"]
[White "Mingachev, Mansur"]
[Black "Mladek, Richard"]
[Result "0-1"]
[WhiteElo "2363"]
[BlackElo "2371"]
[PlyCount "70"]
[EventDate "2022.09.06"]
[EventType "swiss (blitz)"]
[EventRounds "11"]
[EventCountry "USA"]
[SourceTitle "EXT 2023"]
[Source "ChessBase"]
[SourceDate "2022.10.05"]
[SourceVersion "1"]
[SourceVersionDate "2022.10.05"]
[SourceQuality "1"]

1. d4 d5 2. e3 c5 3. c3 Nf6 4. f4 Bf5 5. Nf3 e6 6. Be2 h6 7. 0-0 Be7 8. Nbd2 0-0 9. Ne5 Na6 10. g4 Bh7 11. Rf2 Nc7 12. Rg2 Ne4 13. Bd3 Ne8 14. Nxe4 dxe4 15. Bc4 Nd6 16. Bf1 Rc8 17. Bd2 cxd4 18. cxd4 f6 19. Bb4 fxe5 20. dxe5 Nc4 21. Qxd8 Bxd8 22. Bxf8 Nxe3 23. Ba3 Bb6 24. Rf2 Nxg4 25. Bh3 Bf5 26. Bxg4 Bxg4 27. Kg2 e3 28. Rff1 Rc2+ 29. Kg3 h5 30. Rac1 Rd2 31. Kh4 Bd8+ 32. Kg3 Be2 33. Rfe1 h4+ 34. Kh3 Bd3 35. Rc8 Bf5# 0-1

[Event "Titled Tuesday intern op 06th Sep Late"]
[Site "Chess.com INT"]
[Date "2022.09.06"]
[Round "3"]
[White "Mingachev, Mansur"]
[Black "Papp, Levente"]
[Result "1-0"]
[WhiteElo "2363"]
[BlackElo "2384"]
[PlyCount "63"]
[EventDate "2022.09.06"]
[EventType "swiss (blitz)"]
[EventRounds "11"]
[EventCountry "USA"]
[SourceTitle "EXT 2023"]
[Source "ChessBase"]
[SourceDate "2022.10.05"]
[SourceVersion "1"]
[SourceVersionDate "2022.10.05"]
[SourceQuality "1"]

1. d4 c6 2. c4 d5 3. cxd5 cxd5 4. Nc3 Nf6 5. Nf3 e6 6. Bf4 Bd6 7. Bxd6 Qxd6 8. e3 0-0 9. Bd3 a6 10. 0-0 b5 11. Ne5 Nbd7 12. f4 Nb6 13. Rf3 Nc4 14. Rh3 g6 15. b3 Nb2 16. Qe2 Nxd3 17. Qxd3 Bb7 18. g4 b4 19. Ne2 Ne4 20. g5 Rac8 21. Ng4 Qc7 22. Qxe4 h5 23. Nf6+ Kg7 24. Qd3 Bc6 25. Rxh5 Rh8 26. Rxh8 Rxh8 27. Rc1 Qb7 28. Qc2 Rc8 29. Ng3 Qb5 30. Qe2 Qa5 31. Rc5 Bb5 32. Rxc8 1-0

[Event "Titled Tuesday intern op 06th Sep Late"]
[Site "Chess.com INT"]
[Date "2022.09.06"]
[Round "11"]
[White "Putnam, Liam H"]
[Black "Mingachev, Mansur"]
[Result "1-0"]
[WhiteElo "2196"]
[BlackElo "2363"]
[PlyCount "63"]
[EventDate "2022.09.06"]
[EventType "swiss (blitz)"]
[EventRounds "11"]
[EventCountry "USA"]
[SourceTitle "EXT 2023"]
[Source "ChessBase"]
[SourceDate "2022.10.05"]
[SourceVersion "1"]
[SourceVersionDate "2022.10.05"]
[SourceQuality "1"]

1. Nc3 d5 2. d4 Nf6 3. Bf4 g6 4. e3 Bg7 5. h4 h5 6. Nf3 b6 7. Ne5 c6 8. Be2 Nfd7 9. Nd3 Bb7 10. Qd2 c5 11. dxc5 bxc5 12. Bf3 e6 13. Nb5 0-0 14. Bd6 Re8 15. Nc7 c4 16. Nxe8 Qxe8 17. Qb4 Bc6 18. Nf4 a5 19. Qa3 Nb6 20. g4 hxg4 21. Bxg4 f5 22. Bf3 N8d7 23. h5 g5 24. Ng6 Kh7 25. Ne7 Bb7 26. h6 Be5 27. Bh5 Bxd6 28. Qxd6 Qb8 29. Bg6+ Kh8 30. Qxe6 Qe5 31. Qf7 Nf8 32. Qg8# 1-0

[Event "Titled Tuesday intern op 06th Sep Late"]
[Site "Chess.com INT"]
[Date "2022.09.06"]
[Round "5"]
[White "Stoleriu, George"]
[Black "Mingachev, Mansur"]
[Result "0-1"]
[WhiteElo "2392"]
[BlackElo "2363"]
[PlyCount "62"]
[EventDate "2022.09.06"]
[EventType "swiss (blitz)"]
[EventRounds "11"]
[EventCountry "USA"]
[SourceTitle "EXT 2023"]
[Source "ChessBase"]
[SourceDate "2022.10.05"]
[SourceVersion "1"]
[SourceVersionDate "2022.10.05"]
[SourceQuality "1"]

1. e4 d5 2. exd5 Qxd5 3. Nc3 Qe5+ 4. Qe2 Qxe2+ 5. Bxe2 Nf6 6. d4 Bf5 7. Bf4 Nc6 8. 0-0-0 0-0-0 9. Nf3 e6 10. a3 h6 11. h3 Bd6 12. Bxd6 cxd6 13. Rhe1 Ne7 14. Bd3 Bxd3 15. Rxd3 Kd7 16. Ne4 Nfd5 17. g3 Rc8 18. Rb3 Rc7 19. Nfd2 Rhc8 20. c3 f5 21. f3 fxe4 22. fxe4 Nb6 23. Rf1 Ke8 24. Rb5 Nd7 25. Nf3 a6 26. Rb4 b5 27. a4 Nc6 28. Rb3 bxa4 29. Ra3 Nb6 30. Nh4 Nxd4 31. Kd2 Nc4+ 0-1

[Event "Hilversum op"]
[Site "Hilversum"]
[Date "2022.06.17"]
[Round "1"]
[White "Verkooyen, Frank"]
[Black "Mingachev, Mansur"]
[Result "0-1"]
[WhiteElo "2021"]
[BlackElo "2390"]
[PlyCount "130"]
[EventDate "2022.06.17"]
[EventType "swiss"]
[EventRounds "6"]
[EventCountry "NED"]
[SourceTitle "CBM 208 Extra"]
[Source "ChessBase"]
[SourceDate "2022.07.31"]
[SourceVersion "1"]
[SourceVersionDate "2022.07.31"]
[SourceQuality "1"]

1. d4 d5 2. c4 e6 3. Nc3 f5 4. cxd5 exd5 5. Bf4 Nf6 6. e3 Bd6 7. Bxd6 Qxd6 8. Bd3 0-0 9. Nge2 c6 10. Qc2 Ne4 11. 0-0 Be6 12. Rad1 Nd7 13. f3 Nxc3 14. bxc3 Rae8 15. Ng3 g6 16. e4 fxe4 17. fxe4 dxe4 18. Nxe4 Qd5 19. Qb2 c5 20. Nf2 cxd4 21. cxd4 Nf6 22. Rd2 Qg5 23. Re2 Bd5 24. Nh3 Rxe2 25. Qxe2 Qh5 26. Qe7 Rf7 27. Qd6 Qg4 28. Nf4 Kg7 29. Be2 Qd7 30. Qe5 Bxa2 31. Nd3 Qe7 32. Nc5 b6 33. Nd3 Qxe5 34. dxe5 Ne8 35. Rc1 Rc7 36. Ra1 Bc4 37. Kf2 Kf7 38. Ke3 Re7 39. Kd4 Be6 40. Rf1+ Kg7 41. Nb4 Rd7+ 42. Ke3 Nc7 43. Rf6 a5 44. Bb5 axb4 45. Bxd7 Bxd7 46. Rd6 Bf5 47. Kd2 b5 48. Rb6 b3 49. Kc1 Ne6 50. Rxb5 Bc2 51. Rb7+ Kh6 52. Rb6 Nc5 53. Kd2 Kg5 54. Rc6 Ne4+ 55. Kc1 Kf5 56. e6 Kf6 57. g4 Ng5 58. h4 Nxe6 59. g5+ Ke5 60. Rb6 Nc5 61. Rb8 Kd4 62. Kd2 Bf5 63. Rb4+ Kd5 64. Rb8 Kc4 65. Kc1 Kc3 0-1